MARC details
| 000 -CABECERA |
| campo de control de longitud fija |
00858cam a2200265 a 4500 |
| 001 - NÚMERO DE CONTROL |
| campo de control |
000018547 |
| 003 - IDENTIFICADOR DEL NÚMERO DE CONTROL |
| campo de control |
UkOxU |
| 005 - FECHA Y HORA DE LA ÚLTIMA TRANSACCIÓN |
| campo de control |
20240503073630.0 |
| 008 - DATOS DE LONGITUD FIJA--INFORMACIÓN GENERAL |
| campo de control de longitud fija |
741125s1967 sp 000 d spa d |
| 035 ## - NÚMERO DE CONTROL DEL SISTEMA |
| Número de control de sistema |
OCLC ocm01086982 from D970226T |
| 040 ## - FUENTE DE LA CATALOGACIÓN |
| Centro/agencia transcriptor |
IWU |
| Centro/agencia modificador |
OCL |
| -- |
EQO |
| -- |
BNGR |
| Centro catalogador/agencia de origen |
DO-SdBNP |
| 082 ## - NÚMERO DE LA CLASIFICACIÓN DECIMAL DEWEY |
| Número de clasificación |
862.3 |
| Número de documento/Ítem |
C419d |
| 049 ## - FONDOS LOCALES (OCLC) |
| Fondos de biblioteca |
BNGR |
| 100 1# - ENTRADA PRINCIPAL--NOMBRE DE PERSONA |
| Nombre de persona |
Cervantes Saavedra, Miguel de, |
| Fechas asociadas al nombre |
1547-1616 |
| 9 (RLIN) |
3070 |
| 245 13 - MENCIÓN DE TÍTULO |
| Título |
La destrucción de Numancia / |
| Mención de responsabilidad, etc. |
Miguel de Cervantes ; edición y ensayo preliminar de Ricardo Doménech. |
| 260 ## - PUBLICACIÓN, DISTRIBUCIÓN, ETC. |
| Lugar de publicación, distribución, etc. |
Madrid : |
| Nombre del editor, distribuidor, etc. |
Taurus, |
| Fecha de publicación, distribución, etc. |
1967. |
| 300 ## - DESCRIPCIÓN FÍSICA |
| Extensión |
131 p. ; |
| Dimensiones |
18 cm. |
| 490 1# - MENCIÓN DE SERIE |
| Mención de serie |
Temas de España |
| Designación de volumen o secuencia |
55 |
| 650 #4 - PUNTO DE ACCESO ADICIONAL DE MATERIA--TÉRMINO DE MATERIA |
| Término de materia o nombre geográfico como elemento de entrada |
Teatro español |
| 9 (RLIN) |
3071 |
| 650 #4 - PUNTO DE ACCESO ADICIONAL DE MATERIA--TÉRMINO DE MATERIA |
| Término de materia o nombre geográfico como elemento de entrada |
Literatura española |
| 9 (RLIN) |
632 |
| 700 1# - PUNTO DE ACCESO ADICIONAL--NOMBRE DE PERSONA |
| Nombre de persona |
Doménech, Ricardo, |
| Término indicativo de función/relación |
ed. |
| 9 (RLIN) |
17659 |
| 830 #0 - PUNTO DE ACCESO ADICIONAL DE SERIE-TÍTULO UNIFORME |
| Título uniforme |
Temas de España ; |
| Designación de volumen o secuencia |
55 |
| 9 (RLIN) |
6849 |
| 910 ## - DATOS DE OPCIÓN DEL USUARIO (OCLC) |
| Datos de opción del usuario |
Catalogación por derivada /Oxford |
| 910 ## - DATOS DE OPCIÓN DEL USUARIO (OCLC) |
| Datos de opción del usuario |
WM |